[Event "Liberec op 18th"]
[Site "Liberec"]
[Date "2018.02.27"]
[Round "4"]
[White "Dzubasz, Tino"]
[Black "Balinski, Damian"]
[Result "0-1"]
[WhiteElo "2080"]
[BlackElo "2164"]
[PlyCount "60"]
[EventDate "2018.02.24"]
[EventType "swiss"]
[EventRounds "9"]
[EventCountry "CZE"]
[SourceTitle "CBM 183 Extra"]
[Source "ChessBase"]
[SourceDate "2018.04.19"]
[SourceVersion "1"]
[SourceVersionDate "2018.04.19"]
[SourceQuality "1"]

1. Nf3 Nf6 2. g3 g6 3. Bg2 Bg7 4. d4 d6 5. 0-0 0-0 6. c4 c6 7. Nc3 Qa5 8. e4 Bg4 9. h3 Bxf3 10. Qxf3 Nfd7 11. Rd1 c5 12. Nd5 Nc6 13. dxc5 Nxc5 14. b4 Qd8 15. bxc5 Bxa1 16. cxd6 exd6 17. Bh6 Bg7 18. Bxg7 Kxg7 19. Qc3+ f6 20. f4 Rc8 21. g4 Kg8 22. Bf1 h6 23. Bd3 g5 24. Rf1 gxf4 25. Nxf4 Qb6+ 26. Kh1 Qe3 27. c5 Ne5 28. Qb3+ Rf7 29. Bc2 Qxc5 30. Nd5 Qxc2 0-1

[Event "Hradec Kralove op 7th"]
[Site "Hradec Kralove"]
[Date "2016.10.07"]
[Round "8"]
[White "Chudinovskih, Alexander N"]
[Black "Dzubasz, Tino"]
[Result "1/2-1/2"]
[WhiteElo "2229"]
[BlackElo "2073"]
[PlyCount "125"]
[EventDate "2016.10.01"]
[EventType "swiss"]
[EventRounds "9"]
[EventCountry "CZE"]
[SourceTitle "EXT 2017"]
[Source "ChessBase"]
[SourceDate "2016.10.25"]
[SourceVersion "1"]
[SourceVersionDate "2016.10.25"]
[SourceQuality "1"]

1. Nf3 Nf6 2. c4 e6 3. Nc3 b6 4. g3 Be7 5. Bg2 Bb7 6. 0-0 0-0 7. d4 d6 8. d5 exd5 9. cxd5 Re8 10. Nd4 a5 11. a3 Bf8 12. Nf5 Re5 13. Ne3 Na6 14. Nc4 Re8 15. Rb1 Nc5 16. b4 axb4 17. axb4 Nce4 18. Nxe4 Nxe4 19. Qd3 Nf6 20. Bb2 g6 21. Ra1 Qe7 22. Rxa8 Rxa8 23. Rc1 Bg7 24. Ne3 Ba6 25. Qc2 Ne8 26. Ra1 Bxb2 27. Qxb2 Qf6 28. Qxf6 Nxf6 29. Nc2 Bb7 30. Rxa8+ Bxa8 31. e4 Bb7 32. Nd4 Ba6 33. f3 Kf8 34. Kf2 Ke8 35. Ke3 Bc4 36. h4 Nd7 37. f4 Nb8 38. Kd2 Ke7 39. Kc3 b5 40. Bh3 Kf6 41. g4 h6 42. g5+ hxg5 43. hxg5+ Ke7 44. Nc2 Nd7 45. Bxd7 Kxd7 46. Ne3 Be2 47. f5 Ke7 48. f6+ Kd7 49. Nc2 Bf3 50. Kd3 Bg2 51. Kd4 Bf3 52. Ke3 Bg2 53. Nd4 Bf1 54. Nc6 Bc4 55. Kd4 Bf1 56. e5 Bh3 57. e6+ Ke8 58. e7 Bc8 59. Nb8 Bb7 60. Ke4 Bc8 61. Nc6 Kd7 62. Nd4 Ba6 63. Kf4 1/2-1/2

[Event "Calvia Amateur op 10th"]
[Site "Calvia"]
[Date "2013.10.08"]
[Round "4"]
[White "Khouri, Ibrahim Mohamed"]
[Black "Dzubasz, Tino"]
[Result "1-0"]
[WhiteElo "2223"]
[BlackElo "2058"]
[PlyCount "103"]
[EventDate "2013.10.05"]
[EventType "swiss"]
[EventRounds "9"]
[EventCountry "ESP"]
[SourceTitle "EXT 2014"]
[Source "ChessBase"]
[SourceDate "2013.11.20"]
[SourceVersion "1"]
[SourceVersionDate "2013.11.20"]
[SourceQuality "1"]

1. e4 g6 2. d4 Bg7 3. Nc3 d6 4. Be3 Nf6 5. f3 c6 6. Qd2 Nbd7 7. g4 b5 8. g5 Nh5 9. 0-0-0 Qa5 10. Kb1 Nb6 11. Bd3 Be6 12. b3 Nc4 13. bxc4 bxc4 14. Bf1 Rb8+ 15. Ka1 0-0 16. Nge2 Rb7 17. Bg2 c5 18. Rb1 Rb4 19. Nd5 Bxd5 20. exd5 c3 21. Qxc3 Nf4 22. Rxb4 cxb4 23. Qc4 Nxg2 24. Bf2 Qa3 25. Qd3 Rc8 26. Qxa3 bxa3 27. c3 Rb8 28. Rb1 Rb6 29. Rxb6 axb6 30. Kb1 f5 31. gxf6 exf6 32. Kc2 Kf7 33. Kb3 Ke7 34. Kxa3 Kd7 35. Kb4 f5 36. c4 g5 37. a4 h5 38. Kb5 Kc7 39. Kb4 f4 40. h3 Bf6 41. Kc3 Kb7 42. Kb4 Kc7 43. Kb5 Kb7 44. a5 bxa5 45. Kxa5 Ne3 46. Bxe3 fxe3 47. Kb5 Bd8 48. c5 Kc7 49. Kc4 Be7 50. c6 Bf8 51. Kd3 Bh6 52. Ng3 1-0

[Event "Malta op"]
[Site "Bugibba"]
[Date "2012.11.19"]
[Round "2"]
[White "Lubczynski, Rafal"]
[Black "Dzubasz, Tino"]
[Result "1-0"]
[WhiteElo "2419"]
[BlackElo "2075"]
[PlyCount "57"]
[EventDate "2012.11.18"]
[EventType "swiss"]
[EventRounds "9"]
[EventCountry "MLT"]
[SourceTitle "CBM 151 Extra"]
[Source "ChessBase"]
[SourceDate "2012.12.18"]
[SourceVersion "1"]
[SourceVersionDate "2012.12.18"]
[SourceQuality "1"]

1. d4 Nf6 2. Nf3 e6 3. c4 c5 4. d5 exd5 5. cxd5 d6 6. Nc3 g6 7. e4 Bg7 8. Nd2 0-0 9. Be2 Re8 10. 0-0 a6 11. a4 Nbd7 12. Re1 Ne5 13. Nf1 h6 14. f4 Ned7 15. Nd2 Rb8 16. a5 Qe7 17. Nf3 b5 18. axb6 Rxb6 19. Bc4 Rb4 20. e5 Ng4 21. Bxa6 Ndxe5 22. fxe5 Nxe5 23. Nxe5 Bxe5 24. Bxc8 Rxc8 25. Re2 f5 26. g3 h5 27. Bf4 Rd4 28. Qe1 Re8 29. Ra6 1-0

[Event "Calvia Amateur op 6th"]
[Site "Calvia"]
[Date "2009.10.14"]
[Round "5"]
[White "Lind, Jan Olov"]
[Black "Dzubasz, Tino"]
[Result "1-0"]
[WhiteElo "2189"]
[BlackElo "2071"]
[PlyCount "75"]
[EventDate "2009.10.10"]
[EventType "swiss"]
[EventRounds "9"]
[EventCountry "ESP"]
[SourceTitle "CBM 132 Extra"]
[Source "ChessBase"]
[SourceDate "2009.11.03"]
[SourceVersion "1"]
[SourceVersionDate "2009.11.03"]
[SourceQuality "1"]

1. d4 e6 2. c4 Nf6 3. Nf3 Bb4+ 4. Bd2 a5 5. g3 b6 6. Bg2 Bb7 7. 0-0 Bxd2 8. Qxd2 0-0 9. Nc3 Ne4 10. Nxe4 Bxe4 11. Qf4 f5 12. Rfd1 Qc8 13. Rac1 d6 14. c5 Qd7 15. cxd6 cxd6 16. Nd2 Bxg2 17. Kxg2 b5 18. Qf3 Ra6 19. d5 e5 20. Rc2 Ra7 21. Rdc1 Na6 22. a3 b4 23. Nc4 bxa3 24. bxa3 Rb8 25. Nxa5 Nc5 26. Rxc5 dxc5 27. Nc6 Rf8 28. Nxa7 Qxa7 29. Qc3 Ra8 30. Qxe5 Qxa3 31. d6 Rd8 32. Qd5+ Kh8 33. Rxc5 Qa6 34. Rc2 h6 35. Rd2 Rd7 36. Qxf5 Qc6+ 37. e4 Rd8 38. Qd5 1-0

[Event "Pardubice Jihlavanka op-B 19th"]
[Site "Pardubice"]
[Date "2008.07.24"]
[Round "7"]
[White "Dzubasz, Tino"]
[Black "Orekhov, Viktor"]
[Result "1/2-1/2"]
[WhiteElo "2052"]
[BlackElo "2275"]
[PlyCount "84"]
[EventDate "2008.07.18"]
[EventType "swiss"]
[EventRounds "9"]
[EventCountry "CZE"]
[SourceTitle "CBM 125 Extra"]
[Source "ChessBase"]
[SourceDate "2008.09.01"]
[SourceVersion "1"]
[SourceVersionDate "2008.09.01"]
[SourceQuality "1"]

1. f4 b6 2. e4 Bb7 3. Nc3 e6 4. Nf3 Bb4 5. d3 d5 6. Bd2 dxe4 7. dxe4 Nd7 8. Bd3 Nc5 9. a3 Nxd3+ 10. cxd3 Be7 11. Qa4+ Kf8 12. Ne5 f6 13. Rf1 g6 14. Qc4 Qc8 15. Nb5 c5 16. Nf3 a6 17. Nc3 b5 18. Qb3 c4 19. Qc2 cxd3 20. Qxd3 Qc4 21. Qxc4 bxc4 22. 0-0-0 Bc5 23. Na4 Be7 24. e5 Bc6 25. Nb6 Rb8 26. Be3 c3 27. b4 a5 28. Bc5 axb4 29. axb4 Kf7 30. Nd7 Ra8 31. exf6 Bxf3 32. Rxf3 Ra1+ 33. Kc2 Rxd1 34. Kxd1 Bxf6 35. Ne5+ Kg7 36. Rxc3 Nh6 37. Rd3 Rc8 38. Rd7+ Kg8 39. Kd2 g5 40. g3 gxf4 41. gxf4 Bxe5 42. fxe5 Nf7 1/2-1/2

[Event "Pardubice Jihlavanka op"]
[Site "Pardubice"]
[Date "2007.07.22"]
[Round "3"]
[White "Kovar, Vojtech"]
[Black "Dzubasz, Tino"]
[Result "1-0"]
[WhiteElo "2192"]
[BlackElo "2097"]
[PlyCount "61"]
[EventDate "2007.07.20"]
[EventType "swiss"]
[EventRounds "9"]
[EventCountry "CZE"]
[SourceTitle "EXT 2009"]
[Source "ChessBase"]
[SourceDate "2008.11.26"]
[SourceVersion "1"]
[SourceVersionDate "2008.11.26"]
[SourceQuality "1"]

1. e4 d6 2. d4 g6 3. Nc3 Bg7 4. Nf3 Nc6 5. Be2 Bg4 6. Be3 e5 7. d5 Nce7 8. 0-0 Nf6 9. Ne1 Bd7 10. Qd2 0-0 11. Rb1 c6 12. f4 Ng4 13. Bxg4 Bxg4 14. fxe5 Bxe5 15. h3 Bd7 16. Nf3 Bg7 17. Bg5 Qb6+ 18. Kh1 Rfe8 19. Qf4 c5 20. Bf6 Nf5 21. exf5 Bxf6 22. g4 Qa6 23. Ne4 Bg7 24. Rbe1 Bb5 25. Rf2 Bc4 26. f6 Bh8 27. Qh6 Rxe4 28. Ng5 Rxe1+ 29. Kh2 Rh1+ 30. Kxh1 Bxd5+ 31. Kh2 1-0

[Event "Budapest Spring op 22nd"]
[Site "Budapest"]
[Date "2006.03.30"]
[Round "8"]
[White "Dzubasz, Tino"]
[Black "Mihok, Oliver"]
[Result "1/2-1/2"]
[WhiteElo "2085"]
[BlackElo "2166"]
[PlyCount "106"]
[EventDate "2006.03.23"]
[EventType "swiss"]
[EventRounds "9"]
[EventCountry "HUN"]
[SourceTitle "CBM 111 Extra"]
[Source "ChessBase"]
[SourceDate "2006.05.09"]
[SourceVersion "1"]
[SourceVersionDate "2006.05.09"]
[SourceQuality "1"]

1. f4 e5 2. e4 exf4 3. Bc4 d6 4. Nc3 Qh4+ 5. Kf1 Bg4 6. Nf3 Bxf3 7. Qxf3 Nc6 8. Nd5 0-0-0 9. Qxf4 Qxf4+ 10. Nxf4 Be7 11. d3 Ne5 12. Bb3 Nf6 13. Bd2 Rhf8 14. Re1 Rde8 15. Ke2 Bd8 16. Kd1 c6 17. Rhf1 Bb6 18. h3 Kd7 19. g4 h6 20. Ng2 h5 21. g5 Nh7 22. h4 f6 23. gxf6 Rxf6 24. Rxf6 Nxf6 25. Ne3 Nf3 26. Rf1 Nxd2 27. Kxd2 Bxe3+ 28. Kxe3 d5 29. Rf4 dxe4 30. dxe4 Kd6 31. Kf3 Re5 32. Bf7 Rb5 33. b3 Ra5 34. b4 Ra3+ 35. Bb3 a5 36. Rf5 a4 37. e5+ Kd7 38. exf6 axb3 39. axb3 gxf6 40. Rxh5 Ra2 41. Rh7+ Ke6 42. Rxb7 Rxc2 43. b5 cxb5 44. Rxb5 Kf7 45. h5 Kg7 46. Ke4 Kh6 47. b4 Rb2 48. Kd3 f5 49. Kc3 Rf2 50. Rc5 Kxh5 51. b5 Rf1 52. b6 Rb1 53. Rxf5+ Kg6 1/2-1/2

[Event "Budapest Spring op 22nd"]
[Site "Budapest"]
[Date "2006.03.26"]
[Round "4"]
[White "Halldorsson, Jon Arni"]
[Black "Dzubasz, Tino"]
[Result "1-0"]
[WhiteElo "2145"]
[BlackElo "2085"]
[PlyCount "107"]
[EventDate "2006.03.23"]
[EventType "swiss"]
[EventRounds "9"]
[EventCountry "HUN"]
[SourceTitle "CBM 111 Extra"]
[Source "ChessBase"]
[SourceDate "2006.05.09"]
[SourceVersion "1"]
[SourceVersionDate "2006.05.09"]
[SourceQuality "1"]

1. d4 c5 2. d5 e6 3. Nc3 Nf6 4. Nf3 d6 5. e4 e5 6. Bb5+ Nbd7 7. a4 g6 8. 0-0 Bg7 9. Re1 0-0 10. Bg5 a6 11. Bf1 b6 12. Nd2 h6 13. Bh4 g5 14. Bg3 Re8 15. Nc4 Qc7 16. f3 Ra7 17. Bf2 Bb7 18. g3 Rb8 19. Bh3 Bc8 20. Bf5 Ne8 21. Qe2 Nf8 22. Ne3 Ng6 23. Qf1 Bxf5 24. exf5 Ne7 25. Qd3 Nf6 26. g4 Kf8 27. h4 Nh7 28. hxg5 Nxg5 29. Kg2 Ng8 30. Rh1 Qe7 31. Nc4 Nf6 32. Bh4 Rd7 33. Bxg5 hxg5 34. Nd2 b5 35. axb5 axb5 36. Nxb5 e4 37. Qc4 exf3+ 38. Nxf3 Nxg4 39. Qxg4 Qe2+ 40. Kg3 Be5+ 41. Nxe5 Qxe5+ 42. Kf2 Qxb2 43. Na3 Rb4 44. Qxg5 Qd4+ 45. Qe3 Qf6 46. Qf3 Qd4+ 47. Qe3 Qf6 48. Qh6+ Qxh6 49. Rxh6 Rf4+ 50. Kg3 Rxf5 51. Nc4 Rg5+ 52. Kf4 Rxd5 53. Ne3 Rd4+ 54. Kf3 1-0

[Event "Oberliga Nord O 0405"]
[Site "Germany"]
[Date "2005.02.13"]
[Round "7.8"]
[White "Welz, Peter"]
[Black "Dzubasz, Tino"]
[Result "1/2-1/2"]
[WhiteElo "2161"]
[BlackElo "2109"]
[PlyCount "197"]
[EventDate "2004.10.24"]
[EventType "team-tourn"]
[EventRounds "9"]
[EventCountry "GER"]
[SourceTitle "EXT 2006"]
[Source "ChessBase"]
[SourceDate "2005.11.24"]
[SourceVersion "1"]
[SourceVersionDate "2005.11.24"]
[SourceQuality "1"]
[WhiteTeam "Berlin Empor"]
[BlackTeam "Ruedersdorf"]
[WhiteTeamCountry "GER"]
[BlackTeamCountry "GER"]

1. e4 e6 2. d4 d5 3. e5 c5 4. c3 Qb6 5. Nf3 Nc6 6. a3 Bd7 7. b4 cxd4 8. cxd4 Rc8 9. Be3 Nh6 10. Bd3 Nf5 11. 0-0 Nxe3 12. fxe3 a5 13. b5 Nd8 14. a4 Be7 15. Qe1 f5 16. Qg3 0-0 17. Kh1 Kh8 18. Qh3 Nf7 19. g4 Nh6 20. Rg1 fxg4 21. Rxg4 Rxf3 22. Qxf3 Nxg4 23. Qxg4 Rc1+ 24. Kg2 Qd8 25. Ra2 Bh4 26. Kh3 Re1 27. Re2 Rxe2 28. Bxe2 Bg5 29. e4 Qe7 30. Bd3 Be3 31. exd5 exd5 32. Bf5 Bxf5 33. Qxf5 g6 34. Qc8+ Kg7 35. Nc3 Qf7 36. Qg4 h5 37. Qe2 Qf5+ 38. Kg2 Qg5+ 39. Kh3 Bxd4 40. Nxd5 Bxe5 41. Ne3 Bd4 42. Nc4 b6 43. Qe6 Qf6 44. Qxf6+ Kxf6 45. Kg2 Ke6 46. Kf3 Kd5 47. Nd2 Bg1 48. h3 g5 49. Ke2 g4 50. hxg4 hxg4 51. Kd3 g3 52. Nf3 Bc5 53. Ne1 Bf2 54. Ng2 Ke5 55. Nh4 Kf4 56. Ke2 Ke4 57. Ng6 Kd4 58. Nf4 Kc4 59. Kd2 Kb4 60. Kd3 Kxa4 61. Kc4 Ka3 62. Kc3 Be1+ 63. Kc4 Ka2 64. Ng2 Bf2 65. Kc3 Kb1 66. Nf4 Bc5 67. Kb3 Kc1 68. Ne2+ Kd2 69. Nxg3 Ke3 70. Nh5 Bd4 71. Ng3 Be5 72. Nf5+ Ke4 73. Ne7 Kd4 74. Ka4 Kc5 75. Nc6 Bc3 76. Nb8 Kd6 77. Nc6 Kd7 78. Nb8+ Kd6 79. Nc6 Kd5 80. Kb3 Bf6 81. Ka4 Bc3 82. Kb3 Bd2 83. Ka4 Kd6 84. Nb8 Be1 85. Nc6 Kc7 86. Nd4 Kb7 87. Nc6 Bc3 88. Kb3 Bd2 89. Ka4 Be1 90. Nd8+ Kc7 91. Nc6 Kd7 92. Nb8+ Ke6 93. Nc6 Kd5 94. Nb8 Bb4 95. Nc6 Be7 96. Nxe7+ Kc4 97. Nc6 Kc5 98. Na7 Kd6 99. Nc6 1/2-1/2

[Event "Oberliga Nord O 0405"]
[Site "Germany"]
[Date "2004.11.28"]
[Round "3.7"]
[White "Stark, Ingo"]
[Black "Dzubasz, Tino"]
[Result "1/2-1/2"]
[WhiteElo "2162"]
[BlackElo "2109"]
[PlyCount "80"]
[EventDate "2004.10.24"]
[EventType "team-tourn"]
[EventRounds "9"]
[EventCountry "GER"]
[SourceTitle "EXT 2006"]
[Source "ChessBase"]
[SourceDate "2005.11.24"]
[SourceVersion "1"]
[SourceVersionDate "2005.11.24"]
[SourceQuality "1"]
[WhiteTeam "Oberschoeneweide"]
[BlackTeam "Ruedersdorf"]
[WhiteTeamCountry "GER"]
[BlackTeamCountry "GER"]

1. e4 e5 2. Nf3 Nc6 3. Bb5 g6 4. 0-0 Bg7 5. c3 d6 6. d4 Bd7 7. Be3 Nge7 8. Qc1 0-0 9. Na3 Bg4 10. dxe5 Bxf3 11. exd6 Bxe4 12. dxe7 Qxe7 13. Re1 Rfe8 14. Nc2 a6 15. Bf1 Qd7 16. Rd1 Qf5 17. Nd4 Nxd4 18. Bxd4 Bf8 19. f3 Bd5 20. Qd2 Rad8 21. Re1 Rxe1 22. Qxe1 c5 23. Bf2 Be6 24. Qe2 b5 25. b3 c4 26. Rd1 Rxd1 27. Qxd1 cxb3 28. axb3 h5 29. b4 Bg7 30. Qd8+ Kh7 31. Bd4 Qf4 32. Qb6 Qc1 33. Kf2 Qd2+ 34. Kg1 Bc4 35. Bxc4 bxc4 36. Kf1 Qd1+ 37. Kf2 Qd2+ 38. Kf1 Qd1+ 39. Kf2 Qd2+ 40. Kf1 Qd1+ 1/2-1/2

[Event "Guben op"]
[Site "Guben"]
[Date "2003.??.??"]
[Round "2"]
[White "Dzubasz, Tino"]
[Black "Blandzi, Damian"]
[Result "1-0"]
[WhiteElo "2109"]
[BlackElo "2137"]
[PlyCount "45"]
[EventDate "2003.??.??"]
[EventType "swiss"]
[EventRounds "7"]
[EventCountry "GER"]
[SourceTitle "EXT 2008"]
[Source "ChessBase"]
[SourceDate "2007.11.25"]
[SourceVersion "1"]
[SourceVersionDate "2007.11.25"]
[SourceQuality "1"]

1. Nf3 c5 2. g3 Nc6 3. Bg2 Nf6 4. 0-0 g6 5. c4 Bg7 6. d4 cxd4 7. Nxd4 0-0 8. Nc3 Nxd4 9. Qxd4 Rb8 10. Qxa7 Qc7 11. Nb5 Qxc4 12. Na3 Qc7 13. Bf4 e5 14. Rac1 Qd6 15. Rfd1 Qe7 16. Qxb8 exf4 17. Rxc8 fxg3 18. Rxf8+ Bxf8 19. Qxg3 Qxe2 20. Qf3 Qxb2 21. Nc4 Qxa2 22. Qxf6 Qxc4 23. Rxd7 1-0

[Event "Bad Bertrich op 11th"]
[Site "Bad Bertrich"]
[Date "2003.??.??"]
[Round "2"]
[White "Scheidt, Eugen"]
[Black "Dzubasz, Tino"]
[Result "0-1"]
[WhiteElo "2050"]
[BlackElo "2155"]
[PlyCount "72"]
[EventDate "2003.??.??"]
[EventType "swiss"]
[EventRounds "7"]
[EventCountry "GER"]
[SourceTitle "EXT 2007"]
[Source "ChessBase"]
[SourceDate "2006.11.23"]
[SourceVersion "1"]
[SourceVersionDate "2006.11.23"]
[SourceQuality "1"]

1. e4 e5 2. Nf3 Nc6 3. Bb5 g6 4. 0-0 Bg7 5. c3 d6 6. h3 Nf6 7. Re1 0-0 8. d4 Nd7 9. a4 a6 10. Bf1 h6 11. Na3 Kh7 12. Nc2 Re8 13. Bc4 Qe7 14. Bd3 Nf8 15. d5 Nb8 16. Ne3 Nbd7 17. Bc2 a5 18. b4 axb4 19. cxb4 Nf6 20. g4 N8d7 21. Bd2 Rh8 22. Kg2 Kg8 23. Rh1 c6 24. Bc3 cxd5 25. Nxd5 Nxd5 26. Qxd5 Nb6 27. Qd1 h5 28. gxh5 Rxh5 29. a5 Nc4 30. Bb3 Be6 31. Bxc4 Bxc4 32. Rc1 Rc8 33. Bd2 d5 34. exd5 e4 35. Ng1 Rxd5 36. Qe1 Rg5+ 0-1